Central Library OPAC University of Rajshahi

Reflections of an Indian Muslim / (Record no. 32567)

MARC details
000 -LEADER
fixed length control field 00812nam a2200289 a 4500
001 - CONTROL NUMBER
control field 32567
003 - CONTROL NUMBER IDENTIFIER
rucl marc code BD-RjUL
005 - DATE AND TIME OF LATEST TRANSACTION
control field 20211209051845.0
008 - FIXED-LENGTH DATA ELEMENTS--GENERAL INFORMATION
fixed length control field 140427s1993 ii 001 0 eng
020 ## - INTERNATIONAL STANDARD BOOK NUMBER
International Standard Book Number 8124100217 :
035 ## - SYSTEM CONTROL NUMBER
System control number (BD-RjUL)32656
040 ## - CATALOGING SOURCE
Original cataloging agency DLC
Transcribing agency DLC
Modifying agency DLC
Language of cataloging eng
041 ## - LANGUAGE CODE
Language code of text/sound track or separate title eng
082 ## - DEWEY DECIMAL CLASSIFICATION NUMBER
Classification number 297.09
Author mark and year NAR 1993
100 1# - MAIN ENTRY--PERSONAL NAME
Personal name Naqvi, Saeed.
9 (RLIN) 99063
245 10 - TITLE STATEMENT
Title Reflections of an Indian Muslim /
Statement of responsibility, etc. Saeed Naqvi.
260 ## - PUBLICATION, DISTRIBUTION, ETC. (IMPRINT)
Place of publication, distribution, etc. New Delhi :
Name of publisher, distributor, etc. Har-Anand Publications,
Date of publication, distribution, etc. 1993.
300 ## - PHYSICAL DESCRIPTION
Pagination 245 p. ;
Size 22 cm.
500 ## - GENERAL NOTE
General note Includes index.
520 ## - SUMMARY, ETC.
Summary, etc. General articles on Indian Muslims.
650 #0 - SUBJECT ADDED ENTRY--TOPICAL TERM
Topical term or geographic name as entry element Muslims
Geographic subdivision India.
9 (RLIN) 99064
Topical term or geographic name as entry element Hindus
Geographic subdivision India.
9 (RLIN) 99065
Topical term or geographic name as entry element Communalism
Geographic subdivision India.
9 (RLIN) 99066
942 ## - ADDED ENTRY ELEMENTS (KOHA)
Source of classification or shelving scheme Dewey Decimal Classification
Koha item type Books
Holdings
Lost status Source of classification or shelving scheme Damaged status Not for loan Permanent Location Current Location Shelving location Date acquired Source of acquisition Cost, normal purchase price Total Checkouts Full call number Date last seen Copy number Koha item type
  Dewey Decimal Classification   Not For Loan Central Library, University of Rajshahi Central Library, University of Rajshahi Reading Room 25/06/1997 Paragon 250.00   297.09 NAR 1993 27/04/2014 C-1 Books